000 01319cam a22003857a 4500
003 CHAP
005 20220329133145.0
008 971013s1991 r 00010 d
010 _a2815
011 _a3787
035 _a2988
040 _cCHAP
090 _aTesis
100 0 0 _aAscencio Franco, Ramón.
_97860
245 1 3 _aEl capital trasnacional en la agro-industria de la papa
_b: el caso de Sabritas
260 _aChapingo, Méx. :
_bEl autor,
_c1991
300 _a193 h
500 _aD47-107
502 _aTesis (M.C. Esp. en Sociología Rural) -- UACH. Departamento de Sociología Rural
590 _aALEPH
_b10
_c20130110
_lUCH01
_h1214
590 _aBATCH-UPD
_b10
_c20130110
_lUCH01
_h0005
590 _aBATCH-UPD
_b10
_c20130110
_lUCH01
_h1117
590 _aBATCH-UPD
_b10
_c20130409
_lUCH01
_h1941
590 _aBATCH-UPD
_b10
_c20130410
_lUCH01
_h0708
590 _aBATCH-UPD
_b10
_c20130914
_lUCH01
_h0416
590 _aBATCH-UPD
_b10
_c20130914
_lUCH01
_h2128
590 _aCONVERSION
_b10
_c20130109
_lUCH01
_h1303
650 1 4 _aEmpresas comerciales internacionales.
_936653
650 1 4 _aPapa
_xAspectos económicos.
_985173
650 1 4 _aPapa
_xIndustria.
_985252
901 _aBK
942 _cFOLL
949 _bBC
_cTES
_d-12496
_eTS1
_h24828
_i2988
_si
949 _bBC
_cTES
_d-61000
_eTS2
_fc.2
_h27217
_i2988
_si
999 _c2815
_d2815